A declaration of the Prince Paltsgrave to the high court of Parliament : concerning the cause of his departure out of England in these times of distractions and the manner of his cariage and behaviour during the time of his continuance with His Majesty in the north : likewise his earnest request to the Parliament and the Parliaments answer thereunto : declared in his letter to the House of Peeres on Tuesday last : also the Queen of Bohemia her resolution concerning Prince Roberts coming into England against the Parliament : likewise a true relation shewing how the Marquesse of Hartford and his company are beset by the Earle of Bedford and his forces.

Bibliographic Details
Main Author: Maurice, Prince, 1620-1652
Corporate Author: England and Wales. Parliament
Other Authors: Elizabeth, Queen, consort of Frederick I, King of Bohemia, 1596-1662
Format: Microform Book
Language:English
Series:Early English books, 1641-1700 ; 247:E.119, no. 18.
Subjects:

MARC

Tag First Indicator Second Indicator Subfields
LEADER 00000cam a2200000 a 4500
001 in00000951521
005 20150926131500.0
007 hd afv|||baca
008 850716r19671642miu a 00010 eng d
035 |a (OCoLC)12268139 
035 |9 AET7402AM 
037 |a CL0037000007  |b UMI 
037 |b University Microfilms International, 300 N. Zeeb Rd., Ann Arbor, MI 48106 
040 |a EAA  |c EAA  |d m/c  |d UMI  |d UtOrBLW 
049 |a TXAI 
099 |a film   |a  B   |a  3609 
100 0 |a Maurice,  |c Prince,  |d 1620-1652. 
245 1 2 |a A declaration of the Prince Paltsgrave to the high court of Parliament :  |b concerning the cause of his departure out of England in these times of distractions and the manner of his cariage and behaviour during the time of his continuance with His Majesty in the north : likewise his earnest request to the Parliament and the Parliaments answer thereunto : declared in his letter to the House of Peeres on Tuesday last : also the Queen of Bohemia her resolution concerning Prince Roberts coming into England against the Parliament : likewise a true relation shewing how the Marquesse of Hartford and his company are beset by the Earle of Bedford and his forces. 
264 3 |a [London] :  |b Printed for J. Greene,  |c October 1, 1642. 
300 |a 2 unnumbered pages, 6 pages 
336 |a text  |b txt  |2 rdacontent 
337 |a microform  |b h  |2 rdamedia 
338 |a microfilm reel  |b hd  |2 rdacarrier 
500 |a A news report. 
500 |a Reproduction of original in Thomason Collection, British Library. 
510 4 |a Wing  |c C3658 
533 |a Microfilm.  |b Ann Arbor, Mich. :  |c University Microfilms,  |d 1967.  |e 1 microfilm reel : 35 mm.  |f (Early English books, 1641-1700 ; 247:E.119, no. 18) 
500 |a Microform. 
600 0 0 |a Rupert,  |c Prince, Count Palatine,  |d 1619-1682. 
600 1 0 |a Bedford, William Russell,  |c Duke of,  |d 1613-1700. 
600 1 0 |a Somerset, William Seymour,  |c Duke of,  |d 1588-1660. 
610 1 0 |a England and Wales.  |b Parliament. 
700 0 |a Elizabeth,  |c Queen, consort of Frederick I, King of Bohemia,  |d 1596-1662. 
710 1 |a England and Wales.  |b Parliament. 
830 0 |a Early English books, 1641-1700 ;  |v 247:E.119, no. 18. 
999 |a MARS 
999 f f |s 85c44442-fe4c-3698-9b82-fd15667f8edc  |i fac658f4-8f10-3c86-b309-4d56f8ad0e10  |t 0 
952 f f |p default  |a Texas A&M University  |b College Station  |c Sterling C. Evans Library  |d Evans: Microforms (3rd floor)  |t 0  |e film B 3609 247:E.119 no. 18  |h Other scheme  |i microform -- microfilm reel 
998 f f |a film B 3609 247:E.119 no. 18  |t 0  |l Evans: Microforms (3rd floor)